Ingeniería de software clásica y orientada a objetos

Guardado en:
Detalles Bibliográficos
Autor principal: Schach, Stephen R (Autor)
Formato: Libro
Lenguaje:español
Publicado: Cuernavaca McGraw-Hill 2006
Edición:6a. ed
Materias:
Etiquetas: Agregar Etiqueta
Sin Etiquetas, Sea el primero en etiquetar este registro!

MARC

LEADER 00000cam a2200000 a 4500
001 UCF4330
003 CL-VaPUC
008 121130e20060000MX |||||||||||||||||spa|d
020 |a 9701056361 
082 0 4 |a 005.117  |b SCH  |2 21 
100 0 |a Schach, Stephen R  |e author  |9 565836 
245 1 0 |a Ingeniería de software clásica y orientada a objetos 
250 |a 6a. ed 
300 |a 581 p 
942 |c BK 
945 |d 20121130 00:00:00  |a dcastane 
260 |a Cuernavaca  |b McGraw-Hill  |c 2006 
650 0 |a Ingeniería de software   |9 263866 
650 0 |a Programación orientada al objeto  |9 387863 
583 |a last modification  |c 20121130 23:21:00  |k Rodrigo Vera 
999 |c 350137  |d 350135 
952 |0 0  |1 0  |4 0  |6 005_117000000000000_SCH_2006  |7 0  |8 A  |9 453327  |a BIBING  |b BIBING  |d 2019-11-22  |i 492942K  |o 005.117 SCH 2006  |p 492942K  |r 2025-01-20  |w 2019-11-22  |y BK  |k CCI 
952 |0 0  |1 0  |4 0  |6 005_117000000000000_SCH_2006  |7 0  |8 A  |9 453328  |a BIBING  |b BIBING  |d 2019-11-22  |i 4929438  |o 005.117 SCH 2006  |p 4929438  |r 2025-01-20  |w 2019-11-22  |y BK  |k CCI